千葉県の市町村 (2000年) - Statistics

General Stats
  • This quiz has been taken 89 times
    71 since last reset
  • The average score is 63 of 80
Answers on the Map
Answers color-coded by a green-red scale on the quiz's map according to % correct below.
 
Answer Stats
ヒント 市町村名 % Correct
野田市のだし
100%
千葉市ちばし
98%
銚子市ちょうしし
98%
市川市いちかわし
98%
船橋市ふなばしし
98%
木更津市きさらづし
98%
成田市なりたし
98%
勝浦市かつうらし
98%
市原市いちはらし
98%
鴨川市かもがわし
98%
浦安市うらやすし
98%
館山市たてやまし
96%
松戸市まつどし
96%
佐倉市さくらし
96%
習志野市ならしのし
96%
柏市かしわし
96%
君津市きみつし
96%
旭市あさひし
93%
流山市ながれやまし
93%
我孫子市あびこし
93%
鎌ケ谷市かまがやし
93%
富津市ふっつし
91%
袖ケ浦市そでがうらし
91%
印西市いんざいし
91%
印旛郡 酒々井町しすいまち
89%
山武郡 大網白里町おおあみしらさとまち
89%
山武郡 九十九里町くじゅうくりまち
89%
長生郡 長生村ちょうせいむら
89%
佐原市さわらし
87%
八千代市やちよし
87%
八街市やちまたし
87%
長生郡 一宮町いちのみやまち
87%
東金市とうがねし
85%
八日市場市ようかいちばし
85%
四街道市よつかいどうし
85%
山武郡 芝山町しばやままち
85%
夷隅郡 夷隅町いすみまち
85%
安房郡 鋸南町きょなんまち
85%
茂原市もばらし
83%
東葛飾郡 関宿町せきやどまち
83%
印旛郡 富里町とみさとまち
83%
印旛郡 印旛村いんばむら
83%
印旛郡 白井町しろいまち
83%
香取郡 神崎町こうざきまち
83%
山武郡 横芝町よこしばまち
83%
匝瑳郡 光町ひかりまち
80%
夷隅郡 御宿町おんじゅくまち
80%
香取郡 多古町たこまち
78%
山武郡 山武町さんぶまち
78%
長生郡 長南町ちょうなんまち
78%
山武郡 成東町なるとうまち
76%
長生郡 白子町しらこまち
76%
印旛郡 栄町さかえまち
74%
夷隅郡 大多喜町おおたきまち
74%
夷隅郡 大原町おおはらまち
74%
香取郡 東庄町とうのしょうまち
72%
長生郡 睦沢町むつざわまち
72%
長生郡 長柄町ながらまち
72%
安房郡 千倉町ちくらまち
70%
東葛飾郡 沼南町しょうなんまち
67%
安房郡 富浦町とみうらまち
65%
安房郡 天津小湊町あまつこみなとまち
65%
安房郡 白浜町しらはままち
63%
海上郡 海上町うなかみまち
61%
海上郡 飯岡町いいおかまち
61%
香取郡 小見川町おみがわまち
59%
安房郡 和田町わだまち
59%
山武郡 松尾町まつおまち
57%
夷隅郡 岬町みさきまち
57%
印旛郡 本埜村もとのむら
54%
香取郡 大栄町たいえいまち
52%
山武郡 蓮沼村はすぬまむら
52%
香取郡 栗源町くりもとまち
50%
香取郡 下総町しもふさまち
48%
香取郡 山田町やまだまち
46%
安房郡 富山町とみやままち
46%
香取郡 干潟町ひかたまち
41%
匝瑳郡 野栄町のさかまち
41%
安房郡 三芳村みよしむら
39%
安房郡 丸山町まるやままち
28%
No matching quizzes found
Score Distribution
Percent of People with Each Score
Percentile by Number Answered
Your Score History
You have not taken this quiz since the last reset